Biện pháp quản lý hoạt động dạy học ở trường THCS dạy học 2 buổi/ngày trên địa bàn quận Ngũ Hành Sơn, thành phố Đà Nẵng
Cơ sở lý luận về quản lý hoạt động dạy học ở trường trung học cơ sở dạy 2 buổingày; Thực trạng quản lý hoạt động dạy học 2 buổingày ở trường trung học cơ sở trên địa bàn quận Ngũ Hành Sơn; Các biện pháp quản lý hoạt động dạy học 2 buổingày ở trường trung học cơ sở trên địa bàn quận Ngũ Hành Sơn......
Zapisane w:
| 1. autor: | |
|---|---|
| Kolejni autorzy: | |
| Format: | Książka |
| Język: | Vietnamese |
| Wydane: |
Đà Nẵng
Đại học Đà Nẵng
2013
|
| Hasła przedmiotowe: | |
| Etykiety: |
Dodaj etykietę
Nie ma etykietki, Dołącz pierwszą etykiete!
|
| Thư viện lưu trữ: | Mạng thư viện Đại học Đà Nẵng |
|---|
| LEADER | 01916nam a2200337 4500 | ||
|---|---|---|---|
| 001 | 000019374 | ||
| 003 | 15809 | ||
| 005 | 20140421140418.0 | ||
| 008 | 140421s2013 viesd | ||
| 041 | |a vie | ||
| 082 | 1 | 4 | |a 373.236 |b NG-H |
| 100 | |a Nguyễn Tiến Hiệp | ||
| 245 | |a Biện pháp quản lý hoạt động dạy học ở trường THCS dạy học 2 buổi/ngày trên địa bàn quận Ngũ Hành Sơn, thành phố Đà Nẵng |c Nguyễn Tiến Hiệp ; Huỳnh Thị Tam Thanh hướng dẫn. |k Luận văn Thạc sĩ | ||
| 260 | |a Đà Nẵng |b Đại học Đà Nẵng |c 2013 | ||
| 300 | |a 109 tr., phụ lục 7 tr. |c 29 cm. |e Tóm tắt | ||
| 500 | |a Luận văn thạc sĩ Quản lý giáo dục. Chuyên ngành: Quản lý giáo dục. Mã số: 60.14.05. | ||
| 520 | |a Cơ sở lý luận về quản lý hoạt động dạy học ở trường trung học cơ sở dạy 2 buổingày; Thực trạng quản lý hoạt động dạy học 2 buổingày ở trường trung học cơ sở trên địa bàn quận Ngũ Hành Sơn; Các biện pháp quản lý hoạt động dạy học 2 buổingày ở trường trung học cơ sở trên địa bàn quận Ngũ Hành Sơn... | ||
| 650 | 0 | 4 | |a Giáo dục phổ thông |v Luận văn tốt nghiệp |x Quản lí |z Đà Nẵng |
| 653 | |a Quản lý giáo dục | ||
| 653 | |a Giáo dục phổ thông | ||
| 700 | 1 | |a Huỳnh Thị Tam Thanh |c TS. |e Hướng dẫn | |
| OWN | |a LSP | ||
| AVA | |a UDN50 |b LSP |d 373.236 NG-H |e available |t Error 5001 Not defined in file expand_doc_bib_avail. |f 1 |g 0 |h N |i 0 |k 1 | ||
| 999 | |a From the UDN01 | ||
| AVA | |a UDN50 |b LSP |d 373.236 NG-H |e available |t Error 5001 Not defined in file expand_doc_bib_avail. |f 1 |g 0 |h N |i 0 |k 1 | ||
| TYP | |a Monograph | ||
| TYP | |a Printed language | ||
| 980 | |a Mạng thư viện Đại học Đà Nẵng | ||